000 00742nam a22002297a 4500
999 _c14776
_d14776
003 AR-CdUCM
008 190424b ||||| |||| 00| 0 spa d
020 _a978-84-16648-64-1
040 _aMUNICIPALIDAD PROVINCIAL DEL CUSCO
_cBIBLIOTECA MUNICIPAL DEL CUSCO
082 _aPI / 800 /
_bS18
100 _aSaltzberg, Barney
_933669
245 _aChengdu :
_b¡no hay manera de dormir! /
260 _aEspaña :
_bObelisco,
_c2016.
300 _bIlustraciones,
_c23 cm.
500 _aNo cuenta con numeración de paginas
650 _aCuentos infantiles
_93927
650 _aEl oso panda
_933670
650 _aLiteratura infantil
_9588
700 _aDelgado, Joana (traducción)
_933423
942 _2ddc
_cLIBROS
945 _adavv
_d24/04/2019